000 00600nas a2200205 4500
001 BR8904002
003 BR-BrBNA
005 20231205091645.0
007 ta
008 230509b bl.|||p| |||| 00| 00por d
040 _aBR-BrBNA
_bpor
_cBiblioteca Nacional de Agricultura
041 _a(Pt)
072 _aS30
100 1 _aFranco, I.F.
245 1 _aNutricao enteral: principios basicos
650 _aALIMENTACAO PARENTERAL
773 0 _tAlimentacao e Nutricao (Brazil)
_xISSN 0101-0103
_g(1987), v. 8(37) p. 31-35
_wBR8904002
909 _a202311
_bLúcia
_c55
_dLúcia Elande
942 _2AGRIS
_n0
_cANA
999 _c126489
_d126489